000 00343nam a22001217a 4500
020 _a9788172338633
082 _a631.587
_bPAR/AG
100 _aParmar, Hiteshkumar. v
_9261
245 _aAgricultural Drainage Engineering: Field and Laboratory Manual
260 _aNew Delhi
_bScientific Publishers (India)
_c2014
300 _a107
942 _cBK
999 _c14200
_d14200